Earned value (Record no. 106695)

MARC details
000 -LEADER
fixed length control field 01881cam a22002895 4500
001 - CONTROL NUMBER
control field L137218
008 - FIXED-LENGTH DATA ELEMENTS--GENERAL INFORMATION
fixed length control field 070322s2005 xxkd f 001 0 eng d
020 ## - INTERNATIONAL STANDARD BOOK NUMBER
International Standard Book Number 1930699891
035 ## - SYSTEM CONTROL NUMBER
System control number (Sirsi) u137218
041 0# - LANGUAGE CODE
Language code of text/sound track or separate title eng
050 04 - LIBRARY OF CONGRESS CALL NUMBER
Classification number 658.404 $2 18
100 1# - MAIN ENTRY--PERSONAL NAME
Personal name Fleming, Quentin W.
245 00 - TITLE STATEMENT
Title Earned value
Remainder of title project management
250 ## - EDITION STATEMENT
Edition statement 3rd ed.
260 ## - PUBLICATION, DISTRIBUTION, ETC.
Place of publication, distribution, etc. Newtown Square
Name of publisher, distributor, etc. Project Management Institute
Date of publication, distribution, etc. 2005
300 ## - PHYSICAL DESCRIPTION
Extent viii, 232p.
Dimensions 26cm.
350 ## - PRICE (NR) (BK AM CF MU VM SE) [OBSOLETE]
Price 22.89
505 2# - FORMATTED CONTENTS NOTE
Formatted contents note Earned project management - an introduction -- Earned project managment - an overview -- The genesis and evolution of earned value -- The earned value body of knowledge -- Scope the project -- Plan and schedule the project -- Estimate the resources and authorize budgets to form CAPS -- Establish the earned value baseline -- Employ earned value in project procurements -- Monitor performance against earned value baseline -- Forecasting the final cost and schedule results -- Manage the project portfolio using earned value -- Implement earned value on all projects -- Fulfill your fiduciary duty and comply with Sarbanes-Oxley
520 ## - SUMMARY, ETC.
Summary, etc. Describes this concept which can be applied to any projects in any industry. It is intended for one-time-only projects, and portfolios of projects within an organisation. This new edition covers earned value measurements on project procurements (i.e. the materials, contracts and subcontracts that projects may issue) and makes recommendations on level of effort (LOE) tasks. Also suggests that company executives have a duty to their stockholders that requires the use of earned value on all projects that could impact upon company profits.
521 2# - TARGET AUDIENCE NOTE
Target audience note Advanced
590 ## - LOCAL NOTE (RLIN)
Local note KA
650 24 - SUBJECT ADDED ENTRY--TOPICAL TERM
Topical term or geographic name entry element SARBANES-OXLEY ACT
651 #4 - SUBJECT ADDED ENTRY--GEOGRAPHIC NAME
Geographic name United Kingdom
Chronological subdivision
690 ## - LOCAL SUBJECT ADDED ENTRY--TOPICAL TERM (OCLC, RLIN)
Topical term or geographic name as entry element Project management
9 (RLIN) 6261
700 1# - ADDED ENTRY--PERSONAL NAME
Personal name Koppelman, Joel M.
942 ## - ADDED ENTRY ELEMENTS (KOHA)
Suppress in OPAC 0
Holdings
Withdrawn status Lost status Source of classification or shelving scheme Damaged status Not for loan Home library Current library Shelving location Date acquired Cost, normal purchase price Total Checkouts Full call number Barcode Date last seen Date last checked out Copy number Cost, replacement price Price effective from Koha item type
    Dewey Decimal Classification     London London Books 20/04/2007 22.89 5 658.404 FLE 30073757 06/08/2019 15/10/2009 1 22.89 06/08/2019 Book